Телеграфная переписка Президиума ЦИК СССР с делегатами, прибывающими на сессию. /Имеются автографы М. И. Калинина/

Доступно только в Электронных читальных залах Найти на картеНа карте
RUSMARC
00004866nac2a22003253x 450
0010b392ffe-a73a-4de0-9c2e-dd22f566fbc3
00520210719231648.0
100##$a20210612l1937 k y0rusy50 ca
1010#$arus
102##$aRU
105##$ay z |||e|
1220#$ad19371231
2001#$aТелеграфная переписка Президиума ЦИК СССР с делегатами, прибывающими на сессию. /Имеются автографы М. И. Калинина/
$j1937
215##$a42 листа
251##$cДело
300##$aЗаголовок дела на папке: Телеграфная переписка Президиума ЦИК с делегатами, прибывающими на 4 сессию ЦИК СССР 7-го созыва
300##$aИмеются автографы М. И. Калинина
300##$aВ деле имеются телеграммы
300##$aМашинописный и рукописный текст
330##$aВходит в раздел описи: VII-й Съезд Советов. 4-я Сессия ЦИК СССР
461#0$1001796d4672-8a00-4986-b488-6e42273792cc
$12001
$aЦЕНТРАЛЬНЫЙ ИСПОЛНИТЕЛЬНЫЙ КОМИТЕТ СССР (ЦИК СССР)
$1251
$cФонд
$1852
$j3316
$gР
462#0$10012246e4af-064a-4b66-b386-cae0ddb7fb2d
$12001
$aДела 7-го Съезда Советов и 1-й, 2-й, 3-й, 4-й Сессий 7-го созыва. 1935-1937 гг.
$vД. 225
$1251
$cОпись
$1852
$j7
5171#$aТелеграфная переписка Президиума ЦИК с делегатами, прибывающими на 4 сессию ЦИК СССР 7-го созыва
600#1$aКалинин
$bМ. И.
60101$3RU\NLR\AUTH\880357276
$aСССР
$bЦИК
60102$3RU\NLR\AUTH\880399378
$aСССР
$bЦИК
$bСозыв
$c7
$bСессия
$d4
60101$3RU\NLR\AUTH\880398220
$aСССР
$bЦентральный исполнительный комитет
$bПрезидиум
801#0$aRU
$bGA_RF
801#1$aRU
$bГлавНИВЦ
$c20210612
$2rusmarc
801#2$aRU
$bПБ им. Б.Н. Ельцина
$c20210719
$gRCR
$2rusmarc
852##$aГА РФ
$j225
937##$d166432669
$hГАРФ
035##$aRuPRLIB51060677
856##$uhttp://readingroom.main.prlib.ru/item.aspx?id_node=n166432669&mode=full
Формат отображения